Wszystkie odcienie niebieskiego - Statystyki

Ogólne statystyki
  • Ten quiz został rozwiązany 26 razy
  • Średni wynik to 4 z 20
Statystyki odpowiedzi
Hint Odpowiedź % Poprawnych
. Granatowy
95%
. Turkusowy
60%
. Cyjan
55%
. Niebieski
45%
. Indygo
25%
. Lazurowy
25%
. Kobaltowy
20%
. Szafirowy
20%
. Chabrowy
15%
. Błękit paryski
10%
. Lapis-Lazuli
10%
. Modry
10%
. Ultramaryna
10%
. Atramentowy
5%
. Błękit królewski
5%
. Błękit pruski
5%
. Błękit Thenarda
5%
. Błękit Turnbulla
5%
. Grynszpan
5%
. Siny
0%
Nie znaleziono quizów pasujących do podanych kryteriów
Rozkład punktacji
Procent ludzi z każdym wynikiem
Percentyl według liczby udzielonych odpowiedzi
Twoja historia wyników
Nie rozwiązałeś tego quizu